Especies de interés económico del litoral español: Invertebrados I (Registre núm. 54132)
[ vista simple ]
| 000 -LEADER | |
|---|---|
| campo de control de longitud fija | 01363akm a2200433a 44500 |
| 008 - DATOS DE LONGITUD FIJA--INFORMACIÓN GENERAL | |
| campo de control de longitud fija | 960122s1986 spa |
| 017 ## - NÚMERO DE COPYRIGHT O DE DEPÓSITO LEGAL | |
| Número de copyright o de depósito legal | M-41323-1986 |
| 041 ## - CÓDIGO DE IDIOMA | |
| Código de lengua del texto/banda sonora o título independiente | spa |
| 041 ## - CÓDIGO DE IDIOMA | |
| Llengües tractades | baq |
| 041 ## - CÓDIGO DE IDIOMA | |
| Llengües tractades | cat |
| 041 ## - CÓDIGO DE IDIOMA | |
| Llengües tractades | eng |
| 041 ## - CÓDIGO DE IDIOMA | |
| Llengües tractades | fre |
| 041 ## - CÓDIGO DE IDIOMA | |
| Llengües tractades | glg |
| 080 ## - NÚMERO DE LA CLASIFICACIÓN DECIMAL UNIVERSAL | |
| Número de la Clasificación Decimal Universal | 637.56(038) |
| 110 ## - ENTRADA PRINCIPAL--NOMBRE DE ENTIDAD CORPORATIVA | |
| Nombre de entidad corporativa o nombre de jurisdicción como elemento de entrada | Espanya. Ministerio de Agricultura, Pesca y Alimentación. Fondo de Regulación y Organización del Mercado de los productos de la pesca, cultivos marinos y de aguas continentales. FROM |
| 9 (RLIN) | 65000 |
| 245 ## - MENCIÓN DEL TÍTULO | |
| Título | Especies de interés económico del litoral español: Invertebrados I |
| 245 ## - MENCIÓN DEL TÍTULO | |
| Mención de responsabilidad, etc. | Espanya. Ministerio de Agricultura, Pesca y Alimentación. Fondo de Regulación y Organización del Mercado de Los Productos de la Pesca, Cultivos Marinos y de Aguas Continentales. |
| 245 ## - MENCIÓN DEL TÍTULO | |
| Medio | [cartell] |
| 260 ## - PUBLICACIÓN, DISTRIBUCIÓN, ETC. | |
| Lugar de publicación, distribución, etc. | [Madrid] |
| 260 ## - PUBLICACIÓN, DISTRIBUCIÓN, ETC. | |
| Nombre del editor, distribuidor, etc. | Ministerio de Agricultura, Pesca y Alimentación |
| 260 ## - PUBLICACIÓN, DISTRIBUCIÓN, ETC. | |
| Fecha de publicación, distribución, etc. | 1986 |
| 300 ## - DESCRIPCIÓN FÍSICA | |
| Otras características físicas | il. |
| 520 ## - RESUMEN, ETC. | |
| Nombre de termes | 57 |
| 591 ## - Codi de font | |
| Codi de font | 5523 |
| 592 ## - Tipus obra | |
| Tipus d'obra | Obra terminològica |
| 593 ## - Codi CGAT | |
| Codi de la CGAT | DG |
| 593 ## - Codi CGAT | |
| Codi de la CGAT | FP |
| 593 ## - Codi CGAT | |
| Codi de la CGAT | KRK |
| 594 ## - Número de document | |
| Número de document | 5523 |
| 650 ## - PUNTO DE ACCESO ADICIONAL DE MATERIA--TÉRMINO DE MATERIA | |
| Término de materia o nombre geográfico como elemento de entrada | marisc |
| 9 (RLIN) | 64787 |
| 650 ## - PUNTO DE ACCESO ADICIONAL DE MATERIA--TÉRMINO DE MATERIA | |
| Término de materia o nombre geográfico como elemento de entrada | peix |
| 9 (RLIN) | 62559 |
| 650 ## - PUNTO DE ACCESO ADICIONAL DE MATERIA--TÉRMINO DE MATERIA | |
| Término de materia o nombre geográfico como elemento de entrada | pesca |
| 9 (RLIN) | 60725 |
| 650 ## - PUNTO DE ACCESO ADICIONAL DE MATERIA--TÉRMINO DE MATERIA | |
| Término de materia o nombre geográfico como elemento de entrada | zoologia |
| 9 (RLIN) | 60588 |
| 901 ## - ELEMENTOS DE DATOS A LOCAL LDA (RLIN) | |
| c | DL <1986> |
| 902 ## - ELEMENTOS DE DATOS B LOCAL, LDB (RLIN) | |
| a | 960122 |
| 942 ## - ELEMENTOS DE ENTRADA SECUNDARIOS (KOHA) | |
| Tipo de ítem Koha | Monografia |
| Suprimir en OPAC | No |
| Estatus retirado | Estado de pérdida | Estado de daño | No para préstamo | Biblioteca de origen | Biblioteca actual | Fecha de adquisición | Total de préstamos | Signatura topográfica completa | Código de barras | Visto por última vez | Precio de reemplazo | Tipo de ítem Koha |
|---|---|---|---|---|---|---|---|---|---|---|---|---|
| TERMCAT | TERMCAT | 22/01/1996 | KRK | Cartells | 03183 | 30/09/2021 | 30/09/2021 | MO |